| 000 | 00750nam a2200265Ia 4500 | ||
|---|---|---|---|
| 003 | OSt | ||
| 005 | 20221005062529.0 | ||
| 006 | a|||||r|||| 00| 0 | ||
| 007 | ta | ||
| 008 | 221004b |||||||| |||| 00| 0 eng d | ||
| 024 | _a62786 | ||
| 037 | _cTextual | ||
| 040 |
_aCRL _cCRL _beng |
||
| 041 |
_2eng _aeng |
||
| 082 | _aS5, N0 | ||
| 100 |
_aWilliams John E _9309537 |
||
| 245 | 0 |
_aSex and psyche _b Gender and self viewed cross culturally |
|
| 260 |
_aLondon _bSage _c1990 |
||
| 300 |
_a212p. _ccm. |
||
| 490 | _aCross cultural research and methodology series, 13 | ||
| 650 | _aPSYCHOLOGY | ||
| 700 |
_a Best Deborah L _9309538 |
||
| 942 |
_hS5, N0 _cTEXL _2cc |
||
| 999 |
_c969829 _d969829 |
||